Taking sides : (Record no. 973)
[ view plain ]
| 000 -LEADER | |
|---|---|
| fixed length control field | 01805cam a2200445 a 4500 |
| 003 - CONTROL NUMBER IDENTIFIER | |
| control field | UkOxU |
| 005 - DATE AND TIME OF LATEST TRANSACTION | |
| control field | 20210623063944.0 |
| 008 - FIXED-LENGTH DATA ELEMENTS--GENERAL INFORMATION | |
| fixed length control field | 081030s2009 maua b 001 0 eng d |
| 020 ## - INTERNATIONAL STANDARD BOOK NUMBER | |
| International Standard Book Number | 9780073515366 (pbk.) |
| 020 ## - INTERNATIONAL STANDARD BOOK NUMBER | |
| International Standard Book Number | 0073515361 (pbk.) |
| 038 ## - RECORD CONTENT LICENSOR | |
| Record content licensor | OCoLC |
| 040 ## - CATALOGING SOURCE | |
| Transcribing agency | MFS |
| 049 ## - LOCAL HOLDINGS (OCLC) | |
| Local processing data | o |
| 050 ## - LIBRARY OF CONGRESS CALL NUMBER | |
| Classification number | HQ796 |
| Item number | .T344 2009 |
| 090 ## - LOCALLY ASSIGNED LC-TYPE CALL NUMBER (OCLC); LOCAL CALL NUMBER (RLIN) | |
| Classification number (OCLC) (R) ; Classification number, CALL (RLIN) (NR) | NLS |
| Local cutter number (OCLC) ; Book number/undivided call number, CALL (RLIN) | PB8.210.397/11 |
| 245 00 - TITLE STATEMENT | |
| Title | Taking sides : |
| Remainder of title | clashing views in adolescence / |
| Statement of responsibility, etc. | selected, edited, and with introductions by B.J. Rye and Maureen T.B. Drysdale. |
| 250 ## - EDITION STATEMENT | |
| Edition statement | 2nd ed. |
| 260 ## - PUBLICATION, DISTRIBUTION, ETC. | |
| Place of publication, distribution, etc. | Boston, Mass. ; |
| -- | London : |
| Name of publisher, distributor, etc. | McGraw-Hill, |
| Date of publication, distribution, etc. | c2009. |
| 300 ## - PHYSICAL DESCRIPTION | |
| Extent | xxviii, 443 p. : |
| Other physical details | ill. ; |
| Dimensions | 24 cm. |
| 500 ## - GENERAL NOTE | |
| General note | Previous ed.: 2007. |
| 504 ## - BIBLIOGRAPHY, ETC. NOTE | |
| Bibliography, etc. note | Includes bibliographical references and index. |
| 650 #0 - SUBJECT ADDED ENTRY--TOPICAL TERM | |
| Topical term or geographic name entry element | Adolescence. |
| 650 #0 - SUBJECT ADDED ENTRY--TOPICAL TERM | |
| Topical term or geographic name entry element | Adolescent psychology. |
| 650 #0 - SUBJECT ADDED ENTRY--TOPICAL TERM | |
| Topical term or geographic name entry element | Child development. |
| 700 1# - ADDED ENTRY--PERSONAL NAME | |
| Personal name | Rye, B. J. |
| Fuller form of name | (Barry John) |
| 700 1# - ADDED ENTRY--PERSONAL NAME | |
| Personal name | Drysdale, Maureen T. B. |
| 942 ## - ADDED ENTRY ELEMENTS (KOHA) | |
| Source of classification or shelving scheme | |
| Koha item type | Book |
| Suppress in OPAC | SO |
| Withdrawn status | Lost status | Source of classification or shelving scheme | Damaged status | Not for loan | Permanent Location | Current Location | Shelving location | Date acquired | Total Checkouts | Full call number | Barcode | Date last seen | Price effective from | Koha item type | Public note |
|---|---|---|---|---|---|---|---|---|---|---|---|---|---|---|---|
| AU LIBRARY | AU LIBRARY | Open Shelf | 23.06.2021 | HQ796 .T344 2009 | 28003110 | 23.06.2021 | 23.06.2021 | Book | SO |